[Event "Einzelpokal-Viertelfinale 2004"]
[Site "Erfurt"]
[Date "2004/03/19"]
[Round "1"]
[White "Janz,Frerik"]
[Black "Darius,Harald"]
[Result "0-1"]
[WhiteElo "2372"]
[BlackElo "2161"]
[WhiteCountry ""]
[BlackCountry ""]
[Board "1"]

1. c4 g6 2. Nc3 Bg7 3. g3 c5 4. Bg2 Nc6 5. a3 d6 6. Rb1 a5 7. e3 h5
8. Nf3 Nh6 9. h3 Bd7 10. d3 e5 11. Bd2 Nf5 12. b3 f6 13. Nd5 Nce7 14. e4 Nd4
15. Nh4 Kf7 16. Ne3 Qc8 17. f4 exf4 18. gxf4 Bc6 19. O-O f5 20. Nd5 Nxd5
21. exd5 Bd7 22. Nf3 Nxf3 23. Bxf3 Qd8 24. Qc2 Bd4 25. Kg2 Qf6 26. Rbe1 Rhe8
27. a4 Qh4 28. Qc1 Qf6 29. Rxe8 Rxe8 30. Bxa5 Re3 31. Qc2 Qh4 32. Bd2 Re8
33. Qc1 b6 34. Be1 Qf6 35. Bd2 Kg7 36. Re1 Qh4 37. Rf1 Kh7 38. Be1 Qf6
39. Bd2 Rg8 40. Re1 Qh4 41. Re2 g5 42. Kh2 gxf4 43. Qf1 Rg1 44. Be1 Qg3 0-1

[Event "Einzelpokal-Viertelfinale 2004"]
[Site "Erfurt"]
[Date "2004/03/19"]
[Round "1"]
[White "Heinzel,Olaf"]
[Black "Hebbinghaus,Holger"]
[Result "1/2-1/2"]
[WhiteElo "2358"]
[BlackElo "2300"]
[WhiteCountry ""]
[BlackCountry ""]
[Board "0"]

1. d4 d5 2. Nf3 Nf6 3. Bf4 c5 4. e3 Nc6 5. Be2 Bg4 6. Nbd2 e6 7. O-O Bd6
8. dxc5 Bxc5 9. c4 O-O 10. Rc1 Be7 11. h3 Bh5 12. Bg3 dxc4 13. Nxc4 Ne4
14. Bh2 Qxd1 15. Rfxd1 Rfd8 16. g4 Bg6 17. Nce5 Nxe5 18. Nxe5 Bh4
19. f3 Bf2 20. Kg2 Bxe3 21. Nxg6 Bxc1 22. Rxc1 hxg6 23. fxe4 Rd2 24. Kf3 Rxb2
25. Ra1 Rc8 26. Be5 Rd2 27. Ke3 Rcc2 28. Bc4 Rg2 29. Bb3 Rge2 30. Kf3 Rf2
31. Ke3 Rfe2 1/2-1/2

[Event "Einzelpokal-Viertelfinale 2004"]
[Site "Erfurt"]
[Date "2004/03/19"]
[Round "1"]
[White "Asendorf,Joachim,Dr"]
[Black "Ramlow,Marcus"]
[Result "1/2-1/2"]
[WhiteElo "2274"]
[BlackElo "2179"]
[WhiteCountry ""]
[BlackCountry ""]
[Board "1"]

1. c4 e5 2. g3 Nf6 3. Bg2 c6 4. d4 exd4 5. Qxd4 d5 6. cxd5 cxd5 7. Nf3 Nc6
8. Qa4 Bc5 9. O-O O-O 10. Nbd2 Be6 11. Nb3 Bb6 12. Nbd4 Qd7 13. Nxc6 Qxc6
14. Qxc6 bxc6 15. b3 1/2-1/2

[Event "Einzelpokal-Viertelfinale 2004"]
[Site "Erfurt"]
[Date "2004/03/19"]
[Round "1"]
[White "Steinhagen,Bernd"]
[Black "Schnicke,Robert"]
[Result "1/2-1/2"]
[WhiteElo "2245"]
[BlackElo "2274"]
[WhiteCountry ""]
[BlackCountry ""]
[Board "1"]

1. c4 e5 2. g3 Nc6 3. Bg2 d6 4. Nc3 g6 5. d3 Bg7 6. Rb1 Be6 7. b4 Qd7
8. b5 Nd8 9. h4 Nf6 10. Nd5 Nh5 11. Bd2 O-O 12. Qc1 f5 13. Nh3 Kh8
14. Bh6 f4 15. Bxg7 Kxg7 16. gxf4 c6 17. bxc6 bxc6 18. Nc3 Nxf4 19. Nxf4 Rxf4
20. Ne4 Qc7 21. Qa3 d5 22. cxd5 Bxd5 23. h5 Ne6 24. e3 Rff8 25. hxg6 hxg6
26. O-O Kg8 27. Rb2 a5 28. Rfb1 Ra7 29. Qd6 Qxd6 30. Nxd6 Bxg2 31. Kxg2 Nc5
32. Ne4 Nxd3 33. Rd2 Nb4 34. Rc1 Rc8 35. a3 Na6 36. Rd6 c5 37. Rxg6 Kh7
38. Rg5 Rg7 39. Rh1 Kg8 40. Rh5 c4 41. Rxg7 Kxg7 42. Rxe5 c3 43. Nxc3 Rxc3
44. Rxa5 Nc5 45. Ra7 Kf6 46. Rc7 Ke6 47. Kf3 Kd6 48. Ra7 Rc2 49. Ra8 Kc7
50. Ra7 Kb6 51. Rf7 Ra2 52. Rf8 Rxa3 53. Kg2 Kc6 54. Kf3 Kd6 55. Rd8 Ke5
56. Re8 Ne6 57. Kg3 Kf5 58. Kg2 1/2-1/2

[Event "Viererpokal Halbfinale 2004: Erfurt - Porz"]
[Site "Erfurt"]
[Date "2004/03/20"]
[Round "1"]
[White "Graf,Alexander"]
[Black "Casper,Thomas"]
[Result "0-1"]
[WhiteElo "2629"]
[BlackElo "2401"]
[WhiteCountry "GER"]
[BlackCountry "GER"]
[Board "1"]

1. d4 Nf6 2. c4 d6 3. Nc3 Nbd7 4. e4 e5 5. Nge2 c6 6. Ng3 g6 7. Be2 Bg7
8. Be3 O-O 9. O-O Qe7 10. Qd2 Re8 11. Rfd1 h5 12. f3 h4 13. Nh1 Nh5
14. b4 exd4 15. Bxd4 Bxd4 16. Qxd4 Nf4 17. Bf1 Ne5 18. Kf2 h3 19. g3 Ne6
20. Qd2 a5 21. b5 Qf6 22. Be2 Nc5 23. Qxd6 Ng4 24. Kg1 Qxc3 25. Qxc5 Ne5
26. Qf2 Be6 27. f4 Ng4 28. Qd4 Qxd4 29. Rxd4 Red8 30. Rad1 Rxd4 31. Rxd4 c5
32. Rd6 Ne3 33. Kf2 Nc2 34. Rd1 Na3 35. Rd6 Bxc4 36. Bxc4 Nxc4 37. Rd7 b6
38. Ke2 Na3 39. Rb7 Nxb5 40. Rxb6 Nc3 41. Kd3 Nxa2 42. Kc4 a4 43. Rb1 a3
44. Nf2 Nb4 45. Ra1 a2 46. Kb3 Rd8 47. Kc3 f6 48. g4 Kf7 49. f5 gxf5
50. gxf5 Rd7 51. Rf1 Ra7 52. Kb2 Nc2 53. Kxc2 a1=Q 54. Rxa1 Rxa1 55. Nxh3 Ra2
56. Kb3 Rxh2 57. Nf4 Rh4 58. Ne6 Rxe4 59. Nxc5 Re5 60. Kc4 Rxf5 61. Nd3 Ke6
62. Ne1 Rd5 63. Nf3 Rd7 64. Kc3 Kf5 65. Ng1 Ke4 66. Ne2 f5 67. Ng3 Kf4
68. Nf1 Rd1 69. Nd2 Rxd2 70. Kxd2 Kf3 71. Kd1 f4 72. Ke1 Kg2 0-1

[Event "Viererpokal Halbfinale 2004: Erfurt - Porz"]
[Site "Erfurt"]
[Date "2004/03/20"]
[Round "1"]
[White "Brüggemann,Joachi"]
[Black "Lutz,Christopher"]
[Result "0-1"]
[WhiteElo "2423"]
[BlackElo "2597"]
[WhiteCountry "GER"]
[BlackCountry "GER"]
[Board "2"]

1. e4 c5 2. Nf3 e6 3. d4 cxd4 4. Nxd4 Nc6 5. Nb5 d6 6. c4 Nf6 7. N1c3 a6
8. Na3 Be7 9. Be2 O-O 10. O-O b6 11. Be3 Ne5 12. f4 Ned7 13. Bf3 Bb7
14. Kh1 h6 15. Rc1 Qc7 16. Nab1 Rac8 17. b4 Rfe8 18. a3 Qb8 19. Nd2 Bf8
20. Qe1 Ba8 21. Qf2 Bc6 22. Rfe1 Be7 23. h3 Bd8 24. Qg3 Kh8 25. Bf2 Nh7
26. Ne2 Ba8 27. Bd4 e5 28. Bb2 Bf6 29. Qf2 exf4 30. Bxf6 Nhxf6 31. Nxf4 Ne5
32. Qd4 Re7 33. Rf1 Qc7 34. Rc3 a5 35. Nd5 Bxd5 36. exd5 Nfd7 37. Bd1 Ng6
38. Bc2 Kg8 39. Bxg6 fxg6 40. Ne4 axb4 41. axb4 Rce8 42. Re1 Re5 43. Rce3 Kh7
44. Kg1 R8e7 45. Nd2 Rxe3 46. Rxe3 Rxe3 47. Qxe3 Ne5 48. Qd4 Qa7 49. Ne4 Nxc4
50. Kh2 Qa2 51. Qc3 b5 52. Qf3 Qb2 53. Qf4 Qxb4 54. Nf6 gxf6 55. Qe4 h5
56. h4 Kh6 57. Qe8 g5 58. Qh8 Kg6 59. Qg8 Kf5 60. Qe6 Kf4 61. Qxf6 Ke4
62. Qf3 Kd4 63. hxg5 Ne5 64. Qxh5 Kxd5 65. Kh3 Qc3 66. Kh2 Qd4 67. Kh3 Qe3
68. Kh4 Qe4 69. Kh3 Qg6 70. Qd1 Qd3 0-1

[Event "Viererpokal Halbfinale 2004: Erfurt - Porz"]
[Site "Erfurt"]
[Date "2004/03/20"]
[Round "1"]
[White "Machelett,Heiko"]
[Black "Gurevich,Mikhail"]
[Result "1/2-1/2"]
[WhiteElo "2409"]
[BlackElo "2656"]
[WhiteCountry "GER"]
[BlackCountry "BEL"]
[Board "3"]

1. Nf3 d5 2. d4 Nf6 3. c4 c6 4. cxd5 cxd5 5. Nc3 Nc6 6. Bf4 a6 7. e3 Bg4
8. Rc1 e6 9. h3 Bxf3 10. Qxf3 h6 11. Bd3 Bd6 12. O-O O-O 13. Rfd1 Rc8
14. a3 Qe7 15. Qg3 Bxf4 16. Qxf4 Rfd8 17. Na4 Na7 18. Nb6 Rc6 19. Rxc6 Nxc6
20. Rc1 Ne8 21. Bf1 Nd6 22. Qg4 Qc7 23. Na4 Qa5 24. Qd1 Rc8 25. b4 Qd8
26. Nc5 Rc7 27. Qb3 Qc8 28. a4 a5 29. bxa5 Nxa5 30. Qb4 Ndc4 31. Bxc4 Nxc4
32. a5 Rc6 33. Nxb7 Nxa5 34. Rxc6 1/2-1/2

[Event "Viererpokal Halbfinale 2004: Baden-Oos - HSK"]
[Site "Erfurt"]
[Date "2004/03/20"]
[Round "1"]
[White "Heinemann,Thies"]
[Black "Dautov,Rustem"]
[Result "1/2-1/2"]
[WhiteElo "2426"]
[BlackElo "2616"]
[WhiteCountry "GER"]
[BlackCountry "GER"]
[Board "1"]

1. e4 c6 2. d4 d5 3. e5 Bf5 4. Nf3 e6 5. Be2 Nd7 6. O-O Bg6 7. Nbd2 Nh6
8. Re1 Be7 9. Nf1 Nf5 10. Bd3 c5 11. dxc5 Ne3 12. Nxe3 Bxc5 13. Nh4 Qxh4
14. Bxg6 hxg6 15. Ng4 Rc8 16. h3 O-O 17. Be3 Nb6 18. c3 Bxe3 19. Rxe3 Rfd8
20. Rd3 Nc4 21. Qe2 Qe7 22. Rd4 Na5 23. Rad1 Rc4 24. Rxc4 Nxc4 25. Rd4 1/2-1/2

[Event "Viererpokal Halbfinale 2004: Baden-Oos - HSK"]
[Site "Erfurt"]
[Date "2004/03/20"]
[Round "1"]
[White "Lindinger,Markus"]
[Black "Keitlinghaus,Ludger"]
[Result "1/2-1/2"]
[WhiteElo "2348"]
[BlackElo "2503"]
[WhiteCountry "GER"]
[BlackCountry "GER"]
[Board "4"]

1. d4 d5 2. c4 c6 3. Nf3 Nf6 4. e3 Bf5 5. Nc3 e6 6. Nh4 Bg6 7. Be2 Be7
8. O-O O-O 9. Nxg6 hxg6 10. b3 Nbd7 11. Bb2 a5 12. Qc2 Qb6 13. Rfd1 Rfc8
14. Rac1 Qd8 15. Qb1 Qf8 16. Na4 Ba3 17. Bd3 Bxb2 1/2-1/2

[Event "Einzelpokal Halbfinale 2004"]
[Site "Erfurt"]
[Date "2004/03/20"]
[Round "1"]
[White "Heinzel,Olaf"]
[Black "Schnicke,Robert"]
[Result "1-0"]
[WhiteElo "2358"]
[BlackElo "2274"]
[WhiteCountry "GER"]
[BlackCountry "GER"]
[Board "1"]

1. d4 Nf6 2. Nf3 d6 3. h3 c6 4. a4 g6 5. Bf4 Qc7 6. e3 Bg7 7. Be2 Ne4
8. O-O Nd7 9. c3 O-O 10. Na3 Qd8 11. Bh2 f5 12. Ne1 Ndf6 13. Nd3 Kh8
14. Qc2 Be6 15. Rae1 Qd7 16. Bd1 b5 17. f3 Ng5 18. h4 Nf7 19. Nf4 Bc4
20. Nxc4 bxc4 21. Qe2 e5 22. Nh3 Qe6 23. Ng5 Nxg5 24. hxg5 Nd7 25. g4 fxg4
26. f4 Nb6 27. Qg2 g3 28. Qxg3 e4 29. Bg4 Qd5 30. Qh3 Rf5 31. Bxf5 gxf5
32. g6 h6 33. Bg3 Nxa4 34. Rf2 Qe6 35. Qh5 Nb6 36. Bh4 Kg8 37. Ra1 a5
38. Raf1 a4 39. Bg5 hxg5 40. fxg5 Ra5 41. Qh7 Kf8 42. Qh3 Qxg6 43. Rxf5 Rxf5
44. Rxf5 Kg8 45. Qg4 Nd5 46. Rf2 Ne7 47. Kf1 d5 48. Ke1 c5 49. Qf4 Qe6
50. dxc5 Be5 51. Qf8 Kh7 52. Rf7 Kg6 53. Rxe7 1-0

[Event "Viererpokal 2004 um Platz 3: HSK-ESK"]
[Site "Erfurt"]
[Date "2004/03/21"]
[Round "1"]
[White "Brüggemann,Joachim"]
[Black "Heinemann,Thies"]
[Result "0-1"]
[WhiteElo "2423"]
[BlackElo "2426"]
[WhiteCountry "GER"]
[BlackCountry "GER"]
[Board "1"]

1. e4 c5 2. Nf3 d6 3. d4 cxd4 4. Nxd4 Nf6 5. Nc3 a6 6. Bg5 Nc6 7. Qd2 Bd7
8. f4 Qb6 9. Bxf6 gxf6 10. Nb3 f5 11. Nd5 Qd8 12. exf5 Bxf5 13. Bd3 Bxd3
14. Qxd3 Bg7 15. O-O-O e6 16. Qe3 O-O 17. Nb6 Qf6 18. c3 Rad8 19. Rhf1 d5
20. g4 d4 21. Nxd4 Nxd4 22. Rxd4 Rxd4 23. Qxd4 Qxd4 24. cxd4 Bxd4
25. Na4 Rc8 26. Kd2 b5 27. Nc3 Bxc3 28. bxc3 Rc4 29. Kd3 Ra4 30. Rf2 Kg7
31. h3 Kf6 32. Ke3 Kg6 33. Rd2 h5 34. Rf2 hxg4 35. hxg4 f5 36. g5 e5
37. fxe5 Re4 38. Kf3 Rxe5 39. Rd2 Re6 40. Kf4 Re4 41. Kf3 Kxg5 42. Rd8 Ra4 0-1

[Event "Viererpokal 2004 um Platz 3: HSK-ESK"]
[Site "Erfurt"]
[Date "2004/03/21"]
[Round "1"]
[White "Sievers,Stefan"]
[Black "Troyke,Christian"]
[Result "1/2-1/2"]
[WhiteElo "2358"]
[BlackElo "2354"]
[WhiteCountry "GER"]
[BlackCountry "GER"]
[Board "3"]

1. e4 g6 2. d4 Bg7 3. c4 d6 4. Nc3 Nf6 5. Nf3 O-O 6. Be2 Bg4 7. Be3 Nfd7
8. O-O e5 9. d5 Bxf3 10. Bxf3 a5 11. Be2 Na6 12. a3 f5 13. f3 f4 14. Bf2 Bf6
15. Kh1 Bh4 16. Bg1 Nf6 17. Bd3 Nh5 18. Ne2 g5 19. Rb1 Rf6 20. b4 axb4
21. axb4 Rh6 22. Qc2 b6 23. Rfc1 g4 24. fxg4 Nf6 25. c5 Nxg4 26. cxd6 cxd6
27. Bxa6 Rxa6 28. Qc8 Qxc8 29. Rxc8 Kf7 30. Rc7 Kf8 31. b5 Ra8 32. Bxb6 Nxh2
33. Kg1 f3 34. Nc3 Kg8 35. Be3 Rh5 36. b6 Rf8 37. g3 Bd8 38. Rd7 Ng4
39. Nd1 Rh2 40. Bf2 Rg2 41. Kf1 Rh2 42. Kg1 Rg2 1/2-1/2

[Event "Einzelpokal Finale 2004"]
[Site "Erfurt"]
[Date "2004/03/21"]
[Round "1"]
[White "Asendorf,Joachim,Dr."]
[Black "Heinzel,Olaf"]
[Result "1/2-1/2"]
[WhiteElo "2274"]
[BlackElo "2358"]
[WhiteCountry "GER"]
[BlackCountry "GER"]
[Board "1"]

1. c4 Nf6 2. g3 c6 3. Bg2 d5 4. Nf3 Bf5 5. b3 e6 6. d3 h6 7. Bb2 Be7
8. Nbd2 O-O 9. Qc2 a5 10. a3 Bh7 11. O-O Nbd7 12. Rfd1 Re8 13. h3 Bf8
14. Ne5 Rc8 15. Ndf3 1/2-1/2